Buddhist India (Record no. 553203)

000 -LEADER
fixed length control field 00558cam a2200169La 4500
020 ## - INTERNATIONAL STANDARD BOOK NUMBER
International Standard Book Number 0524016909 (microfiche)
082 ## - DEWEY DECIMAL CLASSIFICATION NUMBER
Classification number 954.031
Author Mark DAV
100 1# - MAIN ENTRY--PERSONAL NAME
Personal name Davids, T. W. Rhys
9 (RLIN) 50468
245 10 - TITLE STATEMENT
Title Buddhist India
Statement of responsibility, etc. by T.W. Rhys Davids.
Remainder of title the story of the nations
260 ## - PUBLICATION, DISTRIBUTION, ETC.
Place of publication, distribution, etc. New York :
Name of publisher, distributor, etc. G.P. Putnam,
Date of publication, distribution, etc. 1903.
300 ## - PHYSICAL DESCRIPTION
Extent xv, 332 p., [2] leaves of plates (1 folded) :
Other physical details ill., map ;
Dimensions 20 cm.
490 1# - SERIES STATEMENT
Series statement The Story of the nations
526 ## - STUDY PROGRAM INFORMATION NOTE
Program name 0
Interest level 0
Reading level 0
Title point value 954_031000000000000_DAV
650 #0 - SUBJECT ADDED ENTRY--TOPICAL TERM
Topical term or geographic name entry element Buddhism
Geographic subdivision India.
9 (RLIN) 50469
650 #0 - SUBJECT ADDED ENTRY--TOPICAL TERM
Topical term or geographic name entry element MCE
9 (RLIN) 379
942 ## - ADDED ENTRY ELEMENTS (KOHA)
Source of classification or shelving scheme
Koha item type Book
Holdings
Withdrawn status Lost status Source of classification or shelving scheme Damaged status Not for loan Permanent Location Current Location Shelving location Date acquired Total Checkouts Full call number Barcode Date last seen Price effective from Koha item type
          Military College of Engineering (MCE) Military College of Engineering (MCE)   02/02/2015   954.031 DAV MCE-ECB.10 02/02/2015 02/02/2015 Book
© 2023 Central Library, National University of Sciences and Technology. All Rights Reserved.